Initials 2 - Statistics

General Stats
  • This quiz has been taken 8 times
  • The average score is 10 of 30
Answer Stats
Initials Actor Movie % Correct
CMIYC Leonardo DiCaprio Catch Me If You Can
83%
NATM Ben Stiller Night At The Museum
83%
BP Chadwick Boseman Black Panther
67%
FG Ryan Reynolds Free Guy
67%
JW Chris Pratt Jurassic World
67%
BW Scarlett Johansson Black Widow
50%
BJD Renee Zellweger Bridget Jones's Diary
50%
PP Anna Kendrick Pitch Perfect
50%
SOAP Samuel L Jackson Snakes On A Plane
50%
AS Bradley Cooper American Sniper
33%
FN Colin Farrell Fright Night
33%
KK Naomi Watts King Kong
33%
KFP Jack Black Kung Fu Panda
33%
LB Reese Witherspoon Legally Blonde
33%
RS Jennifer Lawrence Red Sparrow
33%
SH: AGOS Robert Downey Jr Sherlock Holmes: A Game Of Shadows
33%
ATS Pierce Brosnan After The Sunset
17%
AMCO Tom Hanks A Man Called Otto
17%
BMH Martin Lawrence Big Momma's House
17%
ITB Paul Walker Into The Blue
17%
K: SI Tom Hiddleston Kong: Skull Island
17%
MP Mark Wahlberg Max Payne
17%
MR Tom Cruise Minority Report
17%
NM Emma Thompson Nanny McPhee
17%
RTWM Dwayne Johnson Race To Witch Mountain
17%
TCOR Vin Diesel The Chronicles Of Riddick
17%
TGH Seth Rogen The Green Hornet
17%
TNTD Russell Crowe The Next Three Days
17%
TNP Eddie Murphy The Nutty Professor
17%
WHIV Cameron Diaz What Happens In Vegas
17%
No matching quizzes found
Score Distribution
Percent of People with Each Score
Percentile by Number Answered
Your Score History
You have not taken this quiz